Procedural justice? : victim participation in international criminal proceedings /
Saved in:
| Main Author: | |
|---|---|
| Format: | Book |
| Language: | English |
| Published: |
Cambridge ; Portland :
Intersentia,
c2011.
|
| Series: | School of Human Rights Research series ;
v. 42. |
| Subjects: | |
| Tags: |
Add Tag
No Tags, Be the first to tag this record!
|
| LEADER | 01594nam a2200325 a 4500 | ||
|---|---|---|---|
| 001 | 012945355-2 | ||
| 005 | 20120424101437.0 | ||
| 008 | 120424s2011 enk b 001 0 eng d | ||
| 010 | |a 2012392764 | ||
| 016 | 7 | |a 015960038 |2 Uk | |
| 020 | |a 9781780680200 (pbk.) | ||
| 020 | |a 1780680201 (pbk.) | ||
| 035 | 0 | |a ocn754745167 | |
| 040 | |a BTCTA |b eng |c BTCTA |d YDXCP |d UKMGB |d CDX |d ZYF |d CLU |d GWL |d ERASA |d DLC | ||
| 042 | |a lccopycat | ||
| 050 | 0 | 0 | |a KZ7495 |b .L49 2011 |
| 100 | 1 | |a Leyh, Brianne McGonigle. | |
| 245 | 1 | 0 | |a Procedural justice? : |b victim participation in international criminal proceedings / |c Brianne McGonigle Leyh. |
| 246 | 3 | 0 | |a Victim participation in international criminal proceedings |
| 260 | |a Cambridge ; |a Portland : |b Intersentia, |c c2011. | ||
| 300 | |a xviii, 452 p. ; |c 24 cm. | ||
| 490 | 1 | |a School of Human Rights Research series ; |v v. 42 | |
| 504 | |a Includes bibliographical references (p. 385-407) and index. | ||
| 505 | 0 | |a Introduction -- Victims and theories of criminal justice -- Domestic criminal justice and victim participation models -- International developments and victims of crimes -- International criminal courts : a wide range of practices -- Victim participation and the extraordinary chambers in the courts of Cambodia -- Victim participation at the International Criminal Court -- Conclusions and recommendations. | |
| 650 | 0 | |a Victims of crimes |x Legal status, laws, etc. | |
| 650 | 0 | |a International crimes. | |
| 650 | 0 | |a International criminal courts. | |
| 830 | 0 | |a School of Human Rights Research series ; |v v. 42. | |
| 988 | |a 20111017 | ||
| 906 | |0 OCLC | ||


